000 00312cam a22001217a 4500
008 180718b1963 xxu||||| |||| 00| 0 eng d
082 _aT15x42 M611
100 _aMillar,Robert
245 _aThe affluent sheep
_cby Robert Millar
260 _aLondon
_bLongmans
_c1963
300 _a203p.
650 _aConsumers - UK
999 _c373902
_d373902